[Event "BL 2223 (Women)"]
[Site "Germany"]
[Date "2023.04.29"]
[Round "9.3"]
[White "Injac, Teodora"]
[Black "Nebolsina, Vera"]
[Result "1-0"]
[WhiteElo "2386"]
[BlackElo "2237"]
[PlyCount "83"]
[EventDate "2022.10.15"]
[EventType "team-tourn"]
[EventRounds "11"]
[EventCountry "GER"]
[SourceTitle "EXT 2024"]
[Source "ChessBase"]
[SourceDate "2023.10.10"]
[SourceVersion "1"]
[SourceVersionDate "2023.10.10"]
[SourceQuality "1"]
[WhiteTeam "Baden-Baden (W)"]
[BlackTeam "Deizisau (W)"]
[WhiteTeamCountry "GER"]
[BlackTeamCountry "GER"]

1. d4 g6 2. Nf3 Bg7 3. c4 Nf6 4. g3 d6 5. Nc3 Bd7 6. Bg2 Qc8 7. 0-0 Bh3 8. e4 Bxg2 9. Kxg2 Nfd7 10. Bg5 c5 11. d5 Bxc3 12. bxc3 h6 13. Bd2 g5 14. h3 Nf8 15. e5 Ng6 16. Re1 Kf8 17. e6 f6 18. Qc2 Kg7 19. Qf5 Na6 20. h4 Qg8 21. Rh1 g4 22. Qxg4 f5 23. Qxf5 Rf8 24. Qg4 h5 25. Qe4 Nc7 26. Ng5 Ne8 27. Rab1 Nf6 28. Qe2 b6 29. a4 Ng4 30. f3 N4e5 31. Rhf1 Rf6 32. a5 Qa8 33. f4 Ng4 34. Nf7 Rb8 35. f5 N6e5 36. Nxe5 dxe5 37. Bg5 b5 38. Bxf6+ exf6 39. Kg1 a6 40. Rfd1 bxc4 41. Rxb8 Qxb8 42. d6 1-0

[Event "Titled Tuesday intern op 12th Jul Late"]
[Site "Chess.com INT"]
[Date "2022.07.12"]
[Round "3"]
[White "Nebolsina, Vera"]
[Black "Barria Zuniga, Daniel"]
[Result "0-1"]
[WhiteElo "2237"]
[BlackElo "2341"]
[PlyCount "100"]
[EventDate "2022.07.12"]
[EventType "swiss (blitz)"]
[EventRounds "11"]
[EventCountry "USA"]
[SourceTitle "EXT 2023"]
[Source "ChessBase"]
[SourceDate "2022.10.05"]
[SourceVersion "1"]
[SourceVersionDate "2022.10.05"]
[SourceQuality "1"]

1. Nf3 g6 2. d3 Bg7 3. Nbd2 c5 4. e4 Nc6 5. Be2 e6 6. 0-0 Nge7 7. c3 0-0 8. Nb3 b6 9. d4 d6 10. Bf4 e5 11. Be3 f6 12. Qd2 Qc7 13. Rfd1 Rd8 14. a4 Be6 15. d5 Bf7 16. Ra3 Nb8 17. a5 Nd7 18. Rda1 Rab8 19. axb6 axb6 20. Bb5 c4 21. Nc1 Nc5 22. Bxc5 Qxc5 23. Ba4 Ra8 24. b4 cxb3 25. Nd3 Qc4 26. Bxb3 Rxa3 27. Bxc4 Rxa1+ 28. Nfe1 f5 29. f3 fxe4 30. fxe4 Ra4 31. Bb5 Rxe4 32. Nf2 Rf4 33. g3 Rf5 34. Ng2 Nxd5 35. Ng4 Nf6 36. Nh6+ Bxh6 37. Qxh6 d5 38. Nh4 Rh5 39. Qe3 d4 40. cxd4 exd4 41. Qe7 Rf8 42. Qxf6 Rxb5 43. Qxd4 Ra8 44. Kg2 Bd5+ 45. Kh3 Be6+ 46. Kg2 Ra2+ 47. Kf3 Rb3+ 48. Kf4 Ra5 49. Nf3 Rf5+ 50. Ke4 Bd5+ 0-1

[Event "Titled Tuesday intern op 7th Januar"]
[Site "Chess.com INT"]
[Date "2020.01.07"]
[Round "9"]
[White "Nebolsina, Vera"]
[Black "Kryakvin, Dmitry"]
[Result "0-1"]
[WhiteElo "2240"]
[BlackElo "2592"]
[PlyCount "106"]
[EventDate "2020.01.07"]
[EventType "swiss (blitz)"]
[EventRounds "10"]
[EventCountry "USA"]
[SourceTitle "EXT 2021"]
[Source "ChessBase"]
[SourceDate "2020.10.23"]
[SourceVersion "1"]
[SourceVersionDate "2020.10.23"]
[SourceQuality "1"]

1. e4 e6 2. d4 d5 3. Nc3 Nf6 4. e5 Nfd7 5. f4 c5 6. Nf3 Nc6 7. Be3 Qb6 8. Na4 Qa5+ 9. c3 b6 10. a3 c4 11. b4 cxb3 12. Qxb3 Ba6 13. Bxa6 Qxa6 14. Nb2 Na5 15. Qa4 Rc8 16. Bd2 Be7 17. Kf2 Qb7 18. Qb5 0-0 19. Rab1 f6 20. Rhe1 fxe5 21. Nxe5 Nxe5 22. Rxe5 Qc6 23. Qe2 Rf6 24. Re1 Bxa3 25. Nd3 Nc4 26. Kg1 Nxe5 27. Nxe5 Qe8 28. Ra1 Qe7 29. Qa6 Rc7 30. Qxa3 Qxa3 31. Rxa3 Rf8 32. Kf2 a5 33. Rb3 Rb8 34. Rb5 a4 35. Nd3 a3 36. Nc1 Rc4 37. Na2 Ra4 38. Ke2 Kf7 39. Kd3 h5 40. f5 h4 41. Bg5 Rh8 42. Rxb6 exf5 43. Bf4 h3 44. g3 Re8 45. Rb7+ Re7 46. Rb5 Re1 47. Be5 Ra1 48. Rb7+ Ke8 49. Rb8+ Kd7 50. Rb7+ Kc6 51. Rc7+ Kb6 52. Nb4 Rxb4 53. cxb4 a2 0-1

[Event "Titled Tuesday intern op 7th Januar"]
[Site "Chess.com INT"]
[Date "2020.01.07"]
[Round "2"]
[White "Nebolsina, Vera"]
[Black "Zubritskiy, Artyom"]
[Result "0-1"]
[WhiteElo "2240"]
[BlackElo "2442"]
[PlyCount "30"]
[EventDate "2020.01.07"]
[EventType "swiss (blitz)"]
[EventRounds "10"]
[EventCountry "USA"]
[SourceTitle "EXT 2021"]
[Source "ChessBase"]
[SourceDate "2020.10.23"]
[SourceVersion "1"]
[SourceVersionDate "2020.10.23"]
[SourceQuality "1"]

1. e4 c5 2. Nc3 d6 3. Bc4 e6 4. d3 a6 5. a3 b5 6. Ba2 Nf6 7. Nf3 Bb7 8. 0-0 Nbd7 9. Ne2 Qc7 10. c3 d5 11. exd5 Nxd5 12. Ng3 Be7 13. Ng5 h6 14. Qh5 g6 15. Qh4 0-0-0 0-1

[Event "Wch Blitz (Women)"]
[Site "Moscow"]
[Date "2019.12.29"]
[Round "8"]
[White "Enkhtuul, Altanulzii"]
[Black "Nebolsina, Vera"]
[Result "1/2-1/2"]
[WhiteElo "2200"]
[BlackElo "2240"]
[PlyCount "125"]
[EventDate "2019.12.29"]
[EventType "swiss (blitz)"]
[EventRounds "17"]
[EventCountry "RUS"]
[SourceTitle "CBM 193 Extra"]
[Source "ChessBase"]
[SourceDate "2020.01.31"]
[SourceVersion "1"]
[SourceVersionDate "2020.01.31"]
[SourceQuality "1"]

1. d4 Nf6 2. Nf3 g6 3. Bf4 Bg7 4. e3 d6 5. c3 b6 6. Be2 Bb7 7. h3 Nbd7 8. 0-0 0-0 9. a4 a6 10. Na3 Re8 11. Nc4 Ne4 12. Bh2 e5 13. dxe5 dxe5 14. Qc2 Nec5 15. b4 Be4 16. Qd1 Nb7 17. Nfd2 Bf5 18. e4 Be6 19. Qc2 f5 20. exf5 gxf5 21. Rad1 Qg5 22. Nf3 Qh6 23. Ncxe5 Nxe5 24. Nxe5 f4 25. Ng4 Qg5 26. Qc1 Rf8 27. Bf3 Rab8 28. Rfe1 Bb3 29. Rd7 Nd6 30. Ree7 Rf7 31. Rxf7 Nxf7 32. Bxf4 Qf5 33. Bh6 Qxd7 34. Bxg7 Kxg7 35. c4 Qd3 36. Qf4 Qd6 37. Qe3 Bxa4 38. Qc3+ Kf8 39. c5 bxc5 40. Ne3 cxb4 41. Qb2 Qe5 42. Qa2 Bd7 43. Nc4 Qe1+ 44. Kh2 Qe6 45. Bg4 Qd5 46. Qxa6 Bxg4 47. hxg4 b3 48. Qa7 Re8 49. Ne3 Qe5+ 50. g3 b2 51. Qa3+ Kg8 52. Qb3 c6 53. Nf5 Rb8 54. Nh6+ Kg7 55. Qxf7+ Kxh6 56. f4 Qe2+ 57. Kh3 Qf1+ 58. Kh2 Qf2+ 59. Kh3 Qf1+ 60. Kh2 Qf2+ 61. Kh3 Qf1+ 62. Kh2 Qe2+ 63. Kh3 1/2-1/2

[Event "Wch Blitz (Women)"]
[Site "Moscow"]
[Date "2019.12.29"]
[Round "3"]
[White "Nebolsina, Vera"]
[Black "Guindy, Esmat Susanne"]
[Result "1-0"]
[WhiteElo "2240"]
[BlackElo "2120"]
[PlyCount "47"]
[EventDate "2019.12.29"]
[EventType "swiss (blitz)"]
[EventRounds "17"]
[EventCountry "RUS"]
[SourceTitle "CBM 193 Extra"]
[Source "ChessBase"]
[SourceDate "2020.01.31"]
[SourceVersion "1"]
[SourceVersionDate "2020.01.31"]
[SourceQuality "1"]

1. e4 e6 2. Qe2 Be7 3. Nf3 d5 4. d3 c5 5. g3 Nc6 6. Bg2 Nf6 7. 0-0 b6 8. Re1 Bb7 9. Nbd2 Qc7 10. Nf1 0-0-0 11. c3 h6 12. Bd2 g5 13. exd5 Nxd5 14. Ne3 Nxe3 15. Bxe3 e5 16. Rac1 g4 17. Nd2 f5 18. f4 Bf6 19. Nc4 Rhe8 20. Qf2 Rxd3 21. fxe5 Nxe5 22. Qxf5+ Nd7 23. Bxb7+ Qxb7 24. Qxd3 1-0

[Event "Wch Blitz (Women)"]
[Site "Moscow"]
[Date "2019.12.29"]
[Round "9"]
[White "Nebolsina, Vera"]
[Black "Khokhlova, Daria"]
[Result "1-0"]
[WhiteElo "2240"]
[BlackElo "2208"]
[PlyCount "71"]
[EventDate "2019.12.29"]
[EventType "swiss (blitz)"]
[EventRounds "17"]
[EventCountry "RUS"]
[SourceTitle "CBM 193 Extra"]
[Source "ChessBase"]
[SourceDate "2020.01.31"]
[SourceVersion "1"]
[SourceVersionDate "2020.01.31"]
[SourceQuality "1"]

1. e4 c5 2. Nc3 Nc6 3. Bb5 Nd4 4. Bc4 g6 5. Nge2 Bg7 6. Nxd4 cxd4 7. Qf3 e6 8. Nb5 d6 9. Qa3 Be5 10. d3 g5 11. c3 dxc3 12. d4 a6 13. dxe5 axb5 14. Bxb5+ Bd7 15. Bxd7+ Kxd7 16. Qxc3 Qc8 17. Qd3 Qc5 18. Be3 Qb4+ 19. Bd2 Qb6 20. 0-0 Ne7 21. Be3 Qa6 22. Qb3 Nc6 23. exd6 Kxd6 24. Rfd1+ Kc7 25. Bxg5 Rae8 26. Bf4+ Kc8 27. Rac1 e5 28. Be3 Re6 29. Qd5 Kb8 30. Qc5 Rc8 31. Qd5 Qa4 32. b3 Qa6 33. a4 Ne7 34. Rxc8+ Nxc8 35. Rc1 Ne7 36. Qd8+ 1-0

[Event "Wch Rapid (Women)"]
[Site "Moscow"]
[Date "2019.12.28"]
[Round "10"]
[White "Karavaeva, Olga"]
[Black "Nebolsina, Vera"]
[Result "0-1"]
[WhiteElo "2260"]
[BlackElo "2240"]
[PlyCount "104"]
[EventDate "2019.12.26"]
[EventType "swiss (rapid)"]
[EventRounds "12"]
[EventCountry "RUS"]
[SourceTitle "CBM 193 Extra"]
[Source "ChessBase"]
[SourceDate "2020.01.31"]
[SourceVersion "1"]
[SourceVersionDate "2020.01.31"]
[SourceQuality "1"]

1. c4 Nf6 2. Nc3 g6 3. g3 Bg7 4. Bg2 d6 5. Nf3 0-0 6. 0-0 Nc6 7. d4 a5 8. b3 e5 9. dxe5 dxe5 10. Bb2 Be6 11. Nb5 Nd7 12. Qd2 h6 13. Rfd1 Qc8 14. Qe3 Re8 15. Rd2 a4 16. Rad1 axb3 17. axb3 Ra2 18. Bc3 Rxd2 19. Qxd2 Nc5 20. Qb2 Ne4 21. Bxe5 Nxe5 22. Nxe5 Bxc4 23. bxc4 Bxe5 24. Qb1 Nc5 25. e3 Qg4 26. Nd4 c6 27. h3 Qc8 28. Qb4 Na6 29. Qa5 Bc7 30. Qa3 Rd8 31. Rb1 Bd6 32. Qb2 Nc5 33. Nb3 Nd3 34. Qc2 Bf8 35. Rd1 Nb4 36. Rxd8 Qxd8 37. Qc3 Qd1+ 38. Kh2 Nd3 39. f4 Bb4 40. Qf6 Qxb3 41. f5 Qc3 42. Qd8+ Bf8 43. fxg6 fxg6 44. Qe8 Qf6 45. Qd7 Ne5 46. Qxb7 Qf2 47. Kh1 Nf3 48. Bxf3 Qxf3+ 49. Kh2 Qf2+ 50. Kh1 Qf3+ 51. Kh2 Qe2+ 52. Kh1 Qxc4 0-1

[Event "Wch Rapid (Women)"]
[Site "Moscow"]
[Date "2019.12.28"]
[Round "12"]
[White "Kulon, Klaudia"]
[Black "Nebolsina, Vera"]
[Result "1-0"]
[WhiteElo "2345"]
[BlackElo "2240"]
[PlyCount "123"]
[EventDate "2019.12.26"]
[EventType "swiss (rapid)"]
[EventRounds "12"]
[EventCountry "RUS"]
[SourceTitle "CBM 193 Extra"]
[Source "ChessBase"]
[SourceDate "2020.01.31"]
[SourceVersion "1"]
[SourceVersionDate "2020.01.31"]
[SourceQuality "1"]

1. c4 Nf6 2. g3 g6 3. Bg2 Bg7 4. Nc3 d6 5. e3 e5 6. Nge2 Nc6 7. 0-0 0-0 8. Rb1 a5 9. a3 Bf5 10. d3 Qd7 11. Re1 Bh3 12. Bh1 Nh5 13. Nd5 f5 14. b4 axb4 15. axb4 Rae8 16. b5 Nd8 17. Bg2 Bxg2 18. Kxg2 c6 19. bxc6 bxc6 20. Nb6 Qe6 21. f4 Nf7 22. fxe5 Bxe5 23. Ba3 g5 24. d4 Bg7 25. Nc3 Qg6 26. Nd7 g4 27. Nxf8 Bxf8 28. Qd3 Ng5 29. Rf1 Nf3 30. h4 gxh3+ 31. Kxf3 Qg4+ 32. Kf2 Qxg3+ 33. Ke2 Qg2+ 34. Kd1 h2 35. Qxf5 h1Q 36. Qf7+ Kh8 37. Rxh1 Qxh1+ 38. Kd2 Qg2+ 39. Ne2 Qg6 40. Qxg6 hxg6 41. Kd3 Bh6 42. e4 Rf8 43. Bxd6 Rf3+ 44. Kc2 Rf2 45. Re1 Bf4 46. c5 Kg7 47. Kd3 Rf3+ 48. Kc4 Re3 49. Rf1 Rxe2 50. Bxf4 Rxe4 51. Be5+ Kh6 52. Rf8 g5 53. Rc8 g4 54. Rxc6+ Kg5 55. Rc8 Nf4 56. Bxf4+ Kxf4 57. c6 Ke3 58. Rd8 g3 59. c7 g2 60. Rg8 Rxd4+ 61. Kc3 Rd1 62. Rxg2 1-0

[Event "Wch Rapid (Women)"]
[Site "Moscow"]
[Date "2019.12.27"]
[Round "8"]
[White "Nebolsina, Vera"]
[Black "Badelka, Olga"]
[Result "1/2-1/2"]
[WhiteElo "2240"]
[BlackElo "2399"]
[PlyCount "143"]
[EventDate "2019.12.26"]
[EventType "swiss (rapid)"]
[EventRounds "12"]
[EventCountry "RUS"]
[SourceTitle "CBM 193 Extra"]
[Source "ChessBase"]
[SourceDate "2020.01.31"]
[SourceVersion "1"]
[SourceVersionDate "2020.01.31"]
[SourceQuality "1"]

1. e4 c5 2. Nc3 Nc6 3. Bb5 Nd4 4. Nf3 Nxb5 5. Nxb5 a6 6. Nc3 d6 7. d4 cxd4 8. Qxd4 e5 9. Qb4 Ne7 10. Be3 Nc6 11. Qb6 Qxb6 12. Bxb6 Be6 13. 0-0 Be7 14. Rfd1 Rc8 15. Nd5 Bxd5 16. exd5 Nb8 17. Rac1 Nd7 18. Be3 f5 19. c4 f4 20. Bd2 g5 21. Bb4 g4 22. Nd2 Nf6 23. Ba3 Kd7 24. c5 b5 25. cxb6 Rxc1 26. Rxc1 Nxd5 27. Nc4 Rb8 28. Rd1 Ke6 29. Kf1 Nxb6 30. Bxd6 Rb7 31. Nxb6 Rxb6 32. Bxe7 Kxe7 33. b3 Rc6 34. f3 gxf3 35. gxf3 Ke6 36. Ke2 Kf5 37. Rd8 Rc2+ 38. Rd2 Rc3 39. Kf2 h5 40. Ke2 h4 41. Rd3 Rc2+ 42. Rd2 Rc6 43. Rd8 Rc2+ 44. Rd2 Rc1 45. Rd1 Rc6 46. Rd8 h3 47. Rf8+ Ke6 48. Re8+ Kf6 49. Kd2 Rd6+ 50. Ke2 Rd7 51. Rh8 Rg7 52. Rh6+ Kf5 53. Rh5+ Ke6 54. Rxh3 Rg2+ 55. Kd3 Rxa2 56. Rh8 Rb2 57. Rh6+ Kd5 58. Rxa6 Rf2 59. Ra5+ Ke6 60. h4 Rxf3+ 61. Kc4 Rh3 62. b4 Rxh4 63. b5 f3+ 64. Kd3 Rf4 65. Ra1 Kf5 66. Ke3 Rb4 67. Kxf3 Rxb5 68. Ra4 Rb3+ 69. Ke2 Rg3 70. Kf2 Rh3 71. Ke2 e4 72. Ra8 1/2-1/2

[Event "Wch Rapid (Women)"]
[Site "Moscow"]
[Date "2019.12.27"]
[Round "7"]
[White "Nebolsina, Vera"]
[Black "Osmak, Iulija"]
[Result "0-1"]
[WhiteElo "2240"]
[BlackElo "2388"]
[PlyCount "62"]
[EventDate "2019.12.26"]
[EventType "swiss (rapid)"]
[EventRounds "12"]
[EventCountry "RUS"]
[SourceTitle "CBM 193 Extra"]
[Source "ChessBase"]
[SourceDate "2020.01.31"]
[SourceVersion "1"]
[SourceVersionDate "2020.01.31"]
[SourceQuality "1"]

1. e4 e5 2. Nf3 Nc6 3. Bb5 a6 4. Ba4 b5 5. Bb3 Na5 6. Nxe5 Nxb3 7. axb3 Qe7 8. Ng4 Qxe4+ 9. Ne3 Bb7 10. 0-0 Nf6 11. Nc3 Qg6 12. Re1 0-0-0 13. d4 h5 14. d5 Bc5 15. Nf1 h4 16. Be3 h3 17. g3 Bb4 18. Qd4 Bxc3 19. bxc3 Nxd5 20. c4 Nb4 21. cxb5 Nxc2 22. Qc4 Nxe1 23. Nd2 axb5 24. Qxb5 Nc2 25. Rc1 Nxe3 26. fxe3 Rh5 27. Qb4 Kb8 28. Qf4 Qd6 29. Qf2 Rc5 30. Nc4 Qc6 31. e4 Qxe4 0-1

[Event "Wch Rapid (Women)"]
[Site "Moscow"]
[Date "2019.12.26"]
[Round "3"]
[White "Antonova, Nadezhda"]
[Black "Nebolsina, Vera"]
[Result "0-1"]
[WhiteElo "1913"]
[BlackElo "2240"]
[PlyCount "90"]
[EventDate "2019.12.26"]
[EventType "swiss (rapid)"]
[EventRounds "12"]
[EventCountry "RUS"]
[SourceTitle "CBM 193 Extra"]
[Source "ChessBase"]
[SourceDate "2020.01.31"]
[SourceVersion "1"]
[SourceVersionDate "2020.01.31"]
[SourceQuality "1"]

1. Nf3 Nf6 2. g3 g6 3. b3 Bg7 4. Bb2 d6 5. d4 Nbd7 6. Bg2 0-0 7. 0-0 Re8 8. Re1 e5 9. e4 exd4 10. Nxd4 Nc5 11. Nc3 a5 12. Qd2 a4 13. Rad1 axb3 14. axb3 Bd7 15. h3 Qc8 16. Kh2 h5 17. f4 h4 18. g4 Bxg4 19. hxg4 Qxg4 20. Bf3 Qg3+ 21. Kh1 Ne6 22. Rg1 Qh3+ 23. Qh2 Qxh2+ 24. Kxh2 Nxd4 25. Rxd4 Ng4+ 26. Rxg4 Bxd4 27. Rxh4 c6 28. Kg3 b5 29. Rh2 Kg7 30. Rd2 c5 31. e5 Rad8 32. Bc6 b4 33. Nd1 Bxb2 34. Nxb2 dxe5 35. Rxd8 Rxd8 36. fxe5 Rd2 37. Be4 Rd4 38. Kf3 g5 39. Bf5 Rf4+ 40. Ke3 Rxf5 41. Nd3 g4 42. Ke4 g3 43. Kxf5 g2 44. Nf4 g1Q 45. Nh5+ Kf8 0-1

[Event "Wch Rapid (Women)"]
[Site "Moscow"]
[Date "2019.12.26"]
[Round "2"]
[White "Nebolsina, Vera"]
[Black "Atalik, Ekaterina"]
[Result "0-1"]
[WhiteElo "2240"]
[BlackElo "2462"]
[PlyCount "100"]
[EventDate "2019.12.26"]
[EventType "swiss (rapid)"]
[EventRounds "12"]
[EventCountry "RUS"]
[SourceTitle "CBM 193 Extra"]
[Source "ChessBase"]
[SourceDate "2020.01.31"]
[SourceVersion "1"]
[SourceVersionDate "2020.01.31"]
[SourceQuality "1"]

1. e4 c6 2. Nf3 d5 3. exd5 cxd5 4. Ne5 Nc6 5. Bb5 Qc7 6. d4 a6 7. Bxc6+ bxc6 8. 0-0 Nf6 9. c4 e6 10. c5 Be7 11. Qa4 Bd7 12. Bd2 0-0 13. Ba5 Qb7 14. Nd2 Rfb8 15. Rab1 Be8 16. b4 Nh5 17. Qd1 g6 18. Nb3 f6 19. Nd3 Qd7 20. Re1 Bf7 21. Bb6 Ng7 22. Rb2 Re8 23. Rbe2 Bf8 24. f3 Nf5 25. Nf2 Bg7 26. f4 e5 27. dxe5 fxe5 28. fxe5 d4 29. Qd3 Qd5 30. Ne4 Rxe5 31. Ng5 Re3 32. Qd2 Rae8 33. Nxf7 Qxf7 34. Rxe3 dxe3 35. Qe2 Qd5 36. Bc7 Qe4 37. Rd1 Qxb4 38. h3 Qe4 39. Rf1 Ne7 40. Rf4 Qe6 41. Nd4 Bxd4 42. Rxd4 Nd5 43. Bg3 Qf5 44. Rd1 a5 45. Rf1 Qe4 46. Be1 a4 47. Qf3 Qxf3 48. Rxf3 Rb8 49. Bh4 Rb1+ 50. Kh2 e2 0-1

[Event "Wch Rapid (Women)"]
[Site "Moscow"]
[Date "2019.12.26"]
[Round "4"]
[White "Nebolsina, Vera"]
[Black "Bulatova, Kamaliya"]
[Result "1-0"]
[WhiteElo "2240"]
[BlackElo "2143"]
[PlyCount "67"]
[EventDate "2019.12.26"]
[EventType "swiss (rapid)"]
[EventRounds "12"]
[EventCountry "RUS"]
[SourceTitle "CBM 193 Extra"]
[Source "ChessBase"]
[SourceDate "2020.01.31"]
[SourceVersion "1"]
[SourceVersionDate "2020.01.31"]
[SourceQuality "1"]

1. e4 c5 2. Nc3 d6 3. Bc4 e6 4. d3 Ne7 5. a3 Nbc6 6. Nf3 d5 7. Ba2 d4 8. Ne2 Ng6 9. 0-0 Bd6 10. h3 0-0 11. Nh2 e5 12. Ng3 Nf4 13. Nf5 Bxf5 14. exf5 Qf6 15. Bxf4 exf4 16. Qh5 Ne7 17. g4 fxg3 18. fxg3 Qe5 19. Qf3 Qxg3+ 20. Qxg3 Bxg3 21. f6 Ng6 22. Rf5 Rae8 23. Raf1 Bxh2+ 24. Kxh2 Re2+ 25. Kg3 gxf6 26. Rxc5 Ne5 27. Rxf6 Kh8 28. Rd6 Rg8+ 29. Kf4 Re8 30. Rxd4 Ng6+ 31. Kg5 f6+ 32. Kh6 R2e3 33. h4 Ne5 34. Rc7 1-0

[Event "Titled Tuesday intern op 3rd Jan"]
[Site "Chess.com INT"]
[Date "2019.12.03"]
[Round "1"]
[White "Korchmar, Vasiliy"]
[Black "Nebolsina, Vera"]
[Result "1-0"]
[WhiteElo "2446"]
[BlackElo "2240"]
[PlyCount "83"]
[EventDate "2019.12.03"]
[EventType "swiss (blitz)"]
[EventRounds "10"]
[EventCountry "USA"]
[SourceTitle "EXT 2021"]
[Source "ChessBase"]
[SourceDate "2020.10.23"]
[SourceVersion "1"]
[SourceVersionDate "2020.10.23"]
[SourceQuality "1"]

1. d4 Nf6 2. c4 g6 3. Nc3 Bg7 4. e4 d6 5. h3 0-0 6. Nf3 e5 7. d5 Nbd7 8. g4 Nc5 9. Qc2 a5 10. Be3 b6 11. Be2 Bd7 12. Nd2 Ne8 13. h4 f5 14. gxf5 gxf5 15. h5 f4 16. Bxc5 dxc5 17. h6 Bf6 18. 0-0-0 Nd6 19. Rdg1+ Kh8 20. Bg4 Bxg4 21. Rxg4 Qd7 22. Rhg1 Rg8 23. Qd1 Rxg4 24. Rxg4 Rg8 25. Rxg8+ Kxg8 26. Qg1+ Kf8 27. Qg2 Nf7 28. Qh2 Bg5 29. Nf3 Qg4 30. Qh1 Bxh6 31. Nb5 Kg7 32. Nxc7 Bg5 33. Ne6+ Kg8 34. Nexg5 Nxg5 35. Nxe5 Qh3 36. Qxh3 Nxh3 37. d6 Kf8 38. Nc6 Ke8 39. e5 Kd7 40. Nb8+ Ke6 41. d7 Ke7 42. e6 1-0

[Event "Bayern-chI Bank Hofmann 23rd"]
[Site "Tegernsee"]
[Date "2019.10.28"]
[Round "3"]
[White "Nebolsina, Vera"]
[Black "Santos Latasa, Jaime"]
[Result "0-1"]
[WhiteElo "2252"]
[BlackElo "2580"]
[PlyCount "106"]
[EventDate "2019.10.26"]
[EventType "swiss"]
[EventRounds "9"]
[EventCountry "GER"]
[SourceTitle "CBM 192 Extra"]
[Source "Chessbase"]
[SourceDate "2019.11.06"]
[SourceVersion "1"]
[SourceVersionDate "2019.11.06"]
[SourceQuality "1"]

1. e4 c5 2. Nc3 Nc6 3. Bb5 Nd4 4. Nf3 a6 5. Bd3 Nc6 6. 0-0 d6 7. h3 e6 8. a3 g5 9. b4 h5 10. b5 axb5 11. Bxb5 g4 12. Nh2 gxh3 13. g3 Bg7 14. Rb1 Nge7 15. Ne2 Bd7 16. c3 d5 17. d3 Ne5 18. Nf4 h4 19. Nh5 Rxh5 20. Qxh5 Bxb5 21. Rxb5 Qd7 22. Rb1 dxe4 23. Bh6 Bxh6 24. Qxe5 0-0-0 25. Ng4 Nc6 26. Qxc5 Bf8 27. Qb5 hxg3 28. dxe4 Qc7 29. e5 gxf2+ 30. Rxf2 Rd5 31. Qf1 Bc5 32. Qxh3 Kb8 33. c4 Bxf2+ 34. Kxf2 Rd4 35. Qf3 f5 36. Nf6 Rd2+ 37. Ke1 Qa5 38. Rb5 Rd3+ 39. Rxa5 Rxf3 40. Rb5 Rxa3 41. Nd7+ Kc7 42. Nc5 Nd8 43. Kd2 Ra2+ 44. Ke3 Rc2 45. Kd3 Rh2 46. Ke3 Rh3+ 47. Kd2 Rh4 48. Kd3 b6 49. Na4 Nc6 50. Rxb6 Nxe5+ 51. Ke2 Re4+ 52. Kf2 Rxc4 53. Ra6 Nc6 0-1

[Event "FIDE Chess.com Grand Swiss"]
[Site "Douglas"]
[Date "2019.10.14"]
[Round "5"]
[White "Batsiashvili, Nino"]
[Black "Nebolsina, Vera"]
[Result "1-0"]
[WhiteElo "2422"]
[BlackElo "2252"]
[PlyCount "45"]
[EventDate "2019.10.10"]
[EventType "swiss"]
[EventRounds "11"]
[EventCountry "IOM"]
[SourceTitle "CBM 193"]
[Source "ChessBase"]
[SourceDate "2019.12.31"]
[SourceVersion "1"]
[SourceVersionDate "2019.12.31"]
[SourceQuality "1"]

1. c4 e5 2. Nc3 Nc6 3. Nf3 Nf6 4. e4 Bc5 5. Nxe5 Nxe5 6. d4 Bd6 7. c5 Bxc5 8. dxc5 Qe7 9. Be2 0-0 10. Bg5 Qxc5 11. Bxf6 gxf6 12. Rc1 c6 13. Qd2 Qe7 14. f4 Ng6 15. h4 f5 16. exf5 Nxh4 17. Qd3 d5 18. Qg3+ Ng6 19. Qh2 Qh4+ 20. Qxh4 Nxh4 21. Rxh4 Bxf5 22. g4 Bd7 23. Bd3 1-0

[Event "FIDE Chess.com Grand Swiss"]
[Site "Douglas"]
[Date "2019.10.11"]
[Round "2"]
[White "Nebolsina, Vera"]
[Black "Lupulescu, Constantin"]
[Result "0-1"]
[WhiteElo "2252"]
[BlackElo "2643"]
[PlyCount "122"]
[EventDate "2019.10.10"]
[EventType "swiss"]
[EventRounds "11"]
[EventCountry "IOM"]
[SourceTitle "CBM 193"]
[Source "ChessBase"]
[SourceDate "2019.12.31"]
[SourceVersion "1"]
[SourceVersionDate "2019.12.31"]
[SourceQuality "1"]

1. e4 c6 2. Nf3 d5 3. Nc3 dxe4 4. Nxe4 Nf6 5. Qe2 Nxe4 6. Qxe4 Qa5 7. Bc4 Bf5 8. Qe5 Qxe5+ 9. Nxe5 e6 10. Bd3 Bxd3 11. Nxd3 Bd6 12. b3 c5 13. Nb2 Nc6 14. Nc4 Bc7 15. a4 f6 16. Bb2 Kf7 17. 0-0 Rad8 18. Bc3 Nd4 19. Bxd4 cxd4 20. d3 Rd5 21. b4 a6 22. Rfb1 Ra8 23. Ra3 Ke7 24. g3 g5 25. h3 h5 26. Kg2 f5 27. b5 axb5 28. axb5 Rxa3 29. Nxa3 b6 30. Nc4 Rc5 31. f3 Kd7 32. g4 h4 33. Kf1 Kc8 34. Re1 fxg4 35. fxg4 e5 36. Rb1 e4 37. Ke2 e3 38. Rb3 Kb7 39. Rb1 Rd5 40. Kf3 Rd8 41. Ke2 Ra8 42. Rf1 Ra2 43. Rc1 Kc8 44. Kf3 Kd8 45. Ke4 e2 46. Ne5 Rxc2 47. Re1 Kc8 48. Kxd4 Bd6 49. Nf3 Bc5+ 50. Kd5 Bf2 51. Ra1 Rc5+ 52. Ke4 Rxb5 53. Ne1 Bg3 54. d4 Rb3 55. Kf5 Bf4 56. Ra2 Re3 57. Rc2+ Kd7 58. Rb2 Kc7 59. Rc2+ Kb7 60. d5 Bg3 61. Rc1 Re5+ 0-1

[Event "Barcelona City op 24th"]
[Site "Barcelona"]
[Date "2019.10.05"]
[Round "9"]
[White "Song, Raymond"]
[Black "Nebolsina, Vera"]
[Result "1-0"]
[WhiteElo "2456"]
[BlackElo "2252"]
[PlyCount "83"]
[EventDate "2019.09.27"]
[EventType "swiss"]
[EventRounds "9"]
[EventCountry "ESP"]
[SourceTitle "EXT 2020"]
[Source "ChessBase"]
[SourceDate "2019.10.17"]
[SourceVersion "1"]
[SourceVersionDate "2019.10.17"]
[SourceQuality "1"]

1. d4 Nf6 2. c4 g6 3. g3 Bg7 4. Bg2 d6 5. Nf3 0-0 6. 0-0 Nc6 7. Nc3 Bf5 8. d5 Na5 9. Nd2 c5 10. e4 Bd7 11. Qc2 Qc8 12. Re1 a6 13. b3 b5 14. Bb2 Rb8 15. Rab1 Bh3 16. Bh1 e5 17. dxe6 fxe6 18. e5 Ng4 19. Nce4 Nxe5 20. cxb5 axb5 21. Nxd6 Qc7 22. N2e4 c4 23. bxc4 bxc4 24. Bc3 Nd3 25. Red1 Nc6 26. Rxb8 Rxb8 27. Bxg7 Qxg7 28. Nxc4 Nce5 29. Nxe5 Nxe5 30. Qc3 Rf8 31. f4 Bg4 32. Re1 Nf3+ 33. Bxf3 Qxc3 34. Nxc3 Bxf3 35. Rxe6 Bg4 36. Re7 g5 37. fxg5 Bh3 38. Re1 Kg7 39. Nd5 Ra8 40. Re7+ Kf8 41. Rxh7 Be6 42. Rh8+ 1-0

[Event "Barcelona City op 24th"]
[Site "Barcelona"]
[Date "2019.09.27"]
[Round "1"]
[White "Gharamian, Tigran"]
[Black "Nebolsina, Vera"]
[Result "1-0"]
[WhiteElo "2590"]
[BlackElo "2252"]
[PlyCount "65"]
[EventDate "2019.09.27"]
[EventType "swiss"]
[EventRounds "9"]
[EventCountry "ESP"]
[SourceTitle "EXT 2020"]
[Source "ChessBase"]
[SourceDate "2019.10.17"]
[SourceVersion "1"]
[SourceVersionDate "2019.10.17"]
[SourceQuality "1"]

1. e4 g6 2. d4 Bg7 3. Nf3 d6 4. Bc4 e6 5. Bb3 Nf6 6. Nbd2 0-0 7. 0-0 h6 8. Re1 b6 9. Nf1 Bb7 10. Ng3 Nc6 11. c3 Ne7 12. h3 c5 13. Qe2 d5 14. e5 Ne4 15. Bc2 Nxg3 16. fxg3 Rc8 17. Bd3 Nc6 18. Bd2 Qe7 19. a3 Na5 20. Rad1 Bc6 21. Rf1 Ba4 22. Rde1 Bb3 23. Nh2 cxd4 24. cxd4 Nc6 25. Be3 f5 26. exf6 Rxf6 27. Rxf6 Qxf6 28. Ng4 Qf7 29. Nxh6+ Bxh6 30. Bxh6 Nxd4 31. Qe5 Nf5 32. Bd2 d4 33. g4 1-0